000 00587cam a22002053a 4500
001 39386
003 PGUSA
005 20140828083857.0
008 120406s2012||||xxu|||||s|||||000 | eng d
040 _aPGUSA
_beng
042 _adc
100 1 _aMerényi, László,
_d1837-1907
245 1 0 _aEredeti népmesék (2. rész)
_h[electronic resource] /
_cLászló Merényi
260 _bProject Gutenberg,
_c2012
506 _aPublic domain in the USA.
516 _aElectronic text
830 0 _aProject Gutenberg
_v39386
856 4 0 _uhttp://www.gutenberg.org/ebooks/39386
942 _cEB
999 _c268639
_d268639